[Event "URU-chT Clubs"]
[Site "Punta del Este"]
[Date "2021.10.30"]
[Round "3.5"]
[White "Barla, Rafael"]
[Black "Uslenghi, Leonel"]
[Result "1-0"]
[WhiteElo "1876"]
[BlackElo "1659"]
[PlyCount "75"]
[EventDate "2021.10.29"]
[EventType "team-swiss"]
[EventRounds "5"]
[EventCountry "URU"]
[SourceTitle "CBM 205 Extra"]
[Source "ChessBase"]
[SourceDate "2022.01.31"]
[SourceVersion "1"]
[SourceVersionDate "2022.01.31"]
[SourceQuality "1"]
[WhiteTeam "Maldonado"]
[BlackTeam "Canelones"]
[WhiteTeamCountry "URU"]
[BlackTeamCountry "URU"]

1. d4 c5 2. c3 Nf6 3. Nf3 g6 4. Bg5 Bg7 5. e3 Ne4 6. Bd3 Nxg5 7. Nxg5 cxd4 8. exd4 h6 9. Nf3 0-0 10. 0-0 d5 11. Nbd2 Nc6 12. Re1 Qc7 13. Qe2 Re8 14. Ne5 Nxe5 15. dxe5 a6 16. e6 f5 17. g4 Qf4 18. gxf5 gxf5 19. Nf1 Qg4+ 20. Qxg4 fxg4 21. Bg6 Rf8 22. Bf7+ Rxf7 23. exf7+ Kxf7 24. Rad1 e6 25. Ng3 Bd7 26. f4 Bc6 27. Nh5 Bf8 28. b4 a5 29. a3 axb4 30. axb4 Ra2 31. Ng3 Bb5 32. f5 exf5 33. Rxd5 Bc6 34. Rxf5+ Kg8 35. b5 Bd7 36. Rd5 Kh8 37. Rxd7 Bc5+ 38. Kh1 1-0

[Event "Montevideo Trebejos op 11"]
[Site "Montevideo"]
[Date "2014.12.07"]
[Round "7"]
[White "Uslenghi, Leonel"]
[Black "Avedisian, Alexander"]
[Result "1-0"]
[WhiteElo "1747"]
[BlackElo "1808"]
[PlyCount "77"]
[EventDate "2014.11.24"]
[EventType "swiss"]
[EventRounds "7"]
[EventCountry "URU"]
[SourceTitle "EXT 2016"]
[Source "ChessBase"]
[SourceDate "2015.10.08"]
[SourceVersion "1"]
[SourceVersionDate "2015.10.08"]
[SourceQuality "1"]

1. d4 Nf6 2. Nf3 g6 3. Nc3 Bg7 4. e4 d6 5. Be3 0-0 6. Qd2 c6 7. Bh6 Nbd7 8. Bxg7 Kxg7 9. 0-0-0 b5 10. Bd3 Qa5 11. Kb1 Nb6 12. Ne2 Qa4 13. Nc3 Qa6 14. b3 Bd7 15. h4 h5 16. e5 dxe5 17. Nxe5 Ng4 18. Qg5 Nxe5 19. Qxe5+ f6 20. Qxe7+ Rf7 21. Qe4 f5 22. Qe5+ Kh7 23. Rhe1 Qa3 24. Qc5 b4 25. Ne2 Nd5 26. Bc4 Be6 27. Bxd5 Bxd5 28. Nf4 a5 29. Nxd5 cxd5 30. Re7 Raf8 31. Rde1 a4 32. Qa7 Kg7 33. Rxf7+ Rxf7 34. Re7 Rxe7 35. Qxe7+ Kh6 36. Qa7 axb3 37. Qxa3 bxc2+ 38. Kxc2 bxa3 39. f4 1-0

[Event "Horacio Arevalo Memorial"]
[Site "Colonia del Sacramento"]
[Date "2014.05.03"]
[Round "2"]
[White "Uslenghi, Leonel"]
[Black "Perez, Cecilia Manuela"]
[Result "1/2-1/2"]
[WhiteElo "1777"]
[BlackElo "1485"]
[PlyCount "81"]
[EventDate "2014.05.02"]
[EventType "swiss"]
[EventRounds "5"]
[EventCountry "URU"]
[SourceTitle "EXT 2016"]
[Source "ChessBase"]
[SourceDate "2015.10.08"]
[SourceVersion "1"]
[SourceVersionDate "2015.10.08"]
[SourceQuality "1"]

1. d4 Nf6 2. Nf3 g6 3. Nc3 Bg7 4. e4 d6 5. Be2 0-0 6. Bf4 Nbd7 7. Qd2 Re8 8. Bh6 Bh8 9. h4 e5 10. dxe5 Nxe5 11. Nxe5 Rxe5 12. f3 Bd7 13. Bf4 Re8 14. Bg5 Qc8 15. g4 Bc6 16. h5 Qe6 17. hxg6 fxg6 18. 0-0-0 Nd7 19. Nd5 Bxd5 20. Qxd5 Qxd5 21. Rxd5 Nc5 22. Bc4 Ne6 23. Rd2 Kg7 24. Bh6+ Kf6 25. Be3 Re7 26. Rdh2 Rg8 27. Rxh7 Rxh7 28. Rxh7 Bg7 29. Bd4+ Nxd4 30. Bxg8 Nxf3 31. Rh1 Ng5 32. Re1 Ke5 33. Bc4 Nxe4 34. Bf7 Kf6 35. Bxg6 Kxg6 36. Rxe4 Kf7 37. c3 Be5 38. Kd2 Ke6 39. Ke2 Kf6 40. Kf3 Kg5 41. Re1 1/2-1/2

[Event "Latin Cup"]
[Site "Montevideo"]
[Date "2011.11.02"]
[Round "2"]
[White "Hengles, Roberto Carlos"]
[Black "Uslenghi, Leonel"]
[Result "1-0"]
[WhiteElo "1927"]
[BlackElo "1781"]
[PlyCount "47"]
[EventDate "2011.11.01"]
[EventType "swiss"]
[EventRounds "9"]
[EventCountry "URU"]
[SourceTitle "EXT 2012"]
[Source "ChessBase"]
[SourceDate "2011.11.24"]
[SourceVersion "1"]
[SourceVersionDate "2011.11.24"]
[SourceQuality "1"]

1. e4 c6 2. d4 d5 3. Nd2 dxe4 4. Nxe4 Bf5 5. Ng3 Bg6 6. h4 h6 7. Nf3 Nd7 8. Bd3 Bxd3 9. Qxd3 e6 10. Bd2 Ngf6 11. Ne4 Qc7 12. 0-0-0 Be7 13. Kb1 0-0-0 14. g3 Nxe4 15. Qxe4 Nf6 16. Qe2 Rhe8 17. c4 c5 18. Bc3 Nd7 19. dxc5 Bf6 20. Bxf6 gxf6 21. b4 e5 22. Rd6 Re6 23. Rhd1 Nf8 24. Rxd8+ 1-0

[Event "Latin Cup"]
[Site "Montevideo"]
[Date "2011.11.01"]
[Round "1"]
[White "Uslenghi, Leonel"]
[Black "Michailov, Matias"]
[Result "0-1"]
[WhiteElo "1781"]
[BlackElo "2117"]
[PlyCount "52"]
[EventDate "2011.11.01"]
[EventType "swiss"]
[EventRounds "9"]
[EventCountry "URU"]
[SourceTitle "EXT 2012"]
[Source "ChessBase"]
[SourceDate "2011.11.24"]
[SourceVersion "1"]
[SourceVersionDate "2011.11.24"]
[SourceQuality "1"]

1. d4 Nf6 2. Nf3 e6 3. e3 b6 4. Bd3 Bb7 5. Nbd2 Be7 6. 0-0 0-0 7. Qe2 c5 8. c3 Nc6 9. Ba6 Qc7 10. Bxb7 Qxb7 11. a3 d5 12. Ne5 Nxe5 13. dxe5 Nd7 14. f4 f5 15. Qf3 b5 16. Qh3 a5 17. Nf3 b4 18. Bd2 bxa3 19. bxa3 a4 20. Be1 Nb6 21. Bh4 Nc4 22. Ng5 Bxg5 23. Bxg5 Rab8 24. Qg3 Kh8 25. Qh4 Nxe3 26. Rf3 Qb2 0-1